De visita : cuentos de la violencia política de los años ochenta y noventa en Junín /

Detalles Bibliográficos
Otros Autores: López Salvatierra, Cirilo D., 1963- (Editor), Cox, Mark R., 1959- (contributor agent of text.)
Formato: Electrónico eBook
Lenguaje:español
Publicado: Tarma, Perú : Quimérica Editorial, [2021]
Materias:
Acceso en línea:Digitalia Hispánica

MARC

LEADER 00000nam a2200000 i 4500
001 DIGEDQUIM0019
003 NyNyDIG
007 cr |||||||||||
008 241108s2021 pe a o 000 j spa d
006 m o d
035 |a (OCoLC)1472053857 
040 |a DGITA  |b eng  |e rda  |e pn  |c DGITA 
020 |z 9786124814938 
043 |a s-pe--- 
050 1 4 |a PQ8476 ebook 
245 0 0 |a De visita :  |b cuentos de la violencia política de los años ochenta y noventa en Junín /  |c [compiled by] Cirilo D. López Salvatierra ; prólogo de Mark R. Cox. 
264 1 |a Tarma, Perú :  |b Quimérica Editorial,  |c [2021] 
300 |a 1 online resource :  |b illustrations. 
336 |a text  |b txt  |2 rdacontent 
337 |a computer  |b c  |2 rdamedia 
338 |a online resource  |b cr  |2 rdacarrier 
347 |a text file  |2 rdaft 
347 |b PDF 
588 0 |a Online resource; title from PDF title page (Digitalia, viewed November 8, 2024) 
650 0 |a Political violence  |z Peru  |z Tarma (Junín)  |v Fiction. 
655 7 |a Short stories.  |2 lcgft 
700 1 |a López Salvatierra, Cirilo D.,  |d 1963-  |e editor. 
700 1 |a Cox, Mark R.,  |d 1959-  |e contributor agent of text. 
791 2 |a Digitalia (Firm),  |e distributor. 
793 0 |g Digitalia eBook Collection:  |a Grupo Editorial Quimérica 
776 0 8 |i Print version:  |a López Salvatierra, Cirilo D., 1963-  |t De visita.  |b Primera edición.  |d Tarma, Perú : Quimérica Editorial, [2021]  |z 9786124814938 
856 4 0 |3 Digitalia Hispánica  |u https://www.digitaliapublishing.com/a/160491/ 
910 |a Premium collection: 2024